[Event "Irish Championship 2017"]
[Site "Ennis IRL"]
[Date "2017.07.29"]
[Round "1.1"]
[White "Quinn, Rory"]
[Black "Baburin, Alexander"]
[Result "0-1"]
[BlackTitle "GM"]
[WhiteElo "2140"]
[BlackElo "2473"]
[WhiteICU "2099"]
[BlackICU "2435"]
[WhiteClub "Ennis"]
[BlackClub "Kilkenny"]
[WhiteNationality "IRL"]
[BlackNationality "IRL"]
[WhiteFideId "2501643"]
[BlackFideId "2500914"]
[PlyCount "54"]
[EventDate "2017.07.29"]

{ Event information: <a
href="https://www.irlchess.com/irlch2017_allfiles/pairings_irlch2017.html">Tournament
report</a>. }

1. e4 d6 2. d4 Nf6 3. Nc3 g6 4. f4 Bg7 5. Nf3 O-O 6. Bd3 Bg4 7. h3 Bxf3 8.
Qxf3 Nc6 9. Be3 e5 10. dxe5 dxe5 11. f5 Nd4 12. Qf2 c6 13. O-O-O b5 14. g4
Re8 15. Rdg1 Qa5 16. Kb1 c5 17. g5 Nh5 18. Nd5 c4 19. c3 $6 (19. Be2 $16)
19... cxd3 20. Nf6+ $4 (20. cxd4 $16) 20... Bxf6 $19 21. gxf6 Ne2 22. fxg6
hxg6 23. Rg5 Qa4 24. Rxh5 Qxe4 25. Rg1 d2+ 26. Ka1 Nxg1 27. Qxg1 Qxe3 0-1

[Event "Irish Championship 2017"]
[Site "Ennis IRL"]
[Date "2017.07.29"]
[Round "1.2"]
[White "Lopez, Alex"]
[Black "Fox, Anthony"]
[Result "1-0"]
[WhiteTitle "IM"]
[WhiteElo "2431"]
[BlackElo "2016"]
[WhiteICU "2440"]
[BlackICU "1991"]
[BlackClub "Dun Laoghaire"]
[WhiteNationality "IRL"]
[BlackNationality "IRL"]
[WhiteFideId "2501430"]
[BlackFideId "2500736"]
[PlyCount "151"]
[EventDate "2017.07.29"]

{ Event information: <a
href="https://www.irlchess.com/irlch2017_allfiles/pairings_irlch2017.html">Tournament
report</a>. }

1. Nf3 d5 2. b3 Nf6 3. Bb2 g6 4. c4 c6 5. cxd5 cxd5 6. Bxf6 exf6 7. e3 Nc6
8. d4 Bb4+ 9. Nfd2 O-O 10. Be2 f5 11. g3 Re8 12. a3 Qa5 13. O-O f4 14. gxf4
Bh3 15. Re1 Bf5 16. Rf1 Bh3 17. Re1 Bf5 18. Ra2 Bxb1 19. Qxb1 Bxd2 20. b4
Bxb4 21. axb4 Qxb4 22. Rb2 Qd6 23. Rxb7 Rab8 24. Rxb8 Rxb8 25. Qa2 Qb4 26.
Rc1 Ne7 27. Qxa7 Rb7 28. Qa2 Kg7 29. Bf3 Qd6 30. Rc5 Rd7 31. Qc2 h5 32. Bg2
Qe6 33. Qb3 Ra7 34. h3 Rd7 35. Qb5 Qd6 36. Qe2 Qe6 37. Qf3 f5 38. Kh2 Qd6
39. Qg3 Qf6 40. Bf3 Kf7 41. Qg2 Qe6 42. Rc1 Qf6 43. Ra1 Qc6 44. Rg1 Qf6 45.
Qf1 Qc6 46. Qd1 Qf6 47. Rg5 Rd8 48. Qb3 Qd6 49. Rg1 Rb8 50. Qa2 Rd8 51. Qa5
Rd7 52. Kh1 Qc6 53. Rb1 Qc2 54. Rf1 Qc4 55. Kg2 Qc6 56. Qa3 Rc7 57. Rb1 Rc8
58. Rb4 Qd6 59. Qb3 Rd8 60. Rb6 Qd7 61. Rb7 Qd6 62. Qb5 Qe6 63. Kh2 Qd6 64.
Rb6 Qd7 65. Qa6 Qc8 66. Qa5 Qd7 67. Bd1 Rc8 68. Bb3 Rd8 69. Ba4 Qc8 70. Qb4
Qc7 71. Rb7 Qd6 72. Qa5 Rb8 73. Rd7 Qe6 74. Qc7 Rb2 75. Bc6 $2 (75. Bc2 $1
Rxc2 76. Rxe7+ Qxe7 77. Qxc2 $16) 75... Qxe3 $2 (75... Rxf2+ 76. Kg1 Rg2+
$1 $10) 76. Bxd5+ 1-0

[Event "Irish Championship 2017"]
[Site "Ennis IRL"]
[Date "2017.07.29"]
[Round "1.3"]
[White "MacElligott, Gerard"]
[Black "O'Donnell, Conor"]
[Result "0-1"]
[WhiteTitle "CM"]
[BlackTitle "FM"]
[WhiteElo "2015"]
[BlackElo "2389"]
[WhiteICU "1952"]
[BlackICU "2351"]
[WhiteClub "Elm Mount"]
[BlackClub "Gonzaga"]
[WhiteNationality "IRL"]
[BlackNationality "IRL"]
[WhiteFideId "2500647"]
[BlackFideId "2504243"]
[PlyCount "106"]
[EventDate "2017.07.29"]

{ Event information: <a
href="https://www.irlchess.com/irlch2017_allfiles/pairings_irlch2017.html">Tournament
report</a>. }

1. d4 Nf6 2. c4 e6 3. Nc3 d5 4. Nf3 c6 5. g3 dxc4 6. Bg2 Nbd7 7. O-O b5 8.
e4 Bb7 9. e5 Nd5 10. Ng5 h6 11. Nxe6 fxe6 12. Qh5+ g6 13. Qxg6+ Ke7 14.
Nxd5+ cxd5 15. f4 Qe8 16. Qc2 Kd8 17. Bd2 b4 18. f5 exf5 19. Qxf5 Nb6 20.
a3 bxa3 21. bxa3 Be7 22. Ba5 Kc7 23. e6 Rf8 24. Qh7 Kc6 25. Qc2 Ba6 26.
Rab1 Rxf1+ 27. Rxf1 Rd8 28. Rf7 Bc8 29. Qh7 Bd6 30. Bxb6 axb6 31. e7 Rd7
32. Qf5 Bxe7 33. Qe6+ Kc7 34. Bxd5 Bb7 35. Bxc4 Bc6 36. Qe5+ Kb7 37. Qe6
Qd8 38. d5 Ba4 39. d6 Bg5 40. Bd5+ Kb8 41. Qf5 Rxf7 42. Qxf7 Qd7 43. Qf8+
Qc8 44. Qf7 Be8 45. Qf3 Qc5+ 46. Kg2 Qxd6 47. h4 Be7 48. Ba8 Qd2+ 49. Kh1
Qd7 50. Kh2 Bc5 51. a4 Qd2+ 52. Kh3 Bd7+ 53. g4 Qe3 0-1

[Event "Irish Championship 2017"]
[Site "Ennis IRL"]
[Date "2017.07.29"]
[Round "1.4"]
[White "Daly, Colm"]
[Black "Tirziman, Rudolf"]
[Result "1-0"]
[WhiteTitle "FM"]
[WhiteElo "2301"]
[BlackElo "1955"]
[WhiteICU "2256"]
[BlackICU "1934"]
[WhiteClub "Bray/Greystones"]
[BlackClub "Blanchardstown"]
[WhiteNationality "IRL"]
[BlackNationality "IRL"]
[WhiteFideId "2500434"]
[BlackFideId "2508664"]
[PlyCount "75"]
[EventDate "2017.07.29"]

{ Event information: <a
href="https://www.irlchess.com/irlch2017_allfiles/pairings_irlch2017.html">Tournament
report</a>. }

1. c4 e5 2. Nc3 Nf6 3. Nf3 Nc6 4. d3 Bb4 5. Bd2 d5 6. cxd5 Nxd5 7. Rc1 O-O
8. e3 Kh8 9. Be2 f5 10. O-O Nb6 11. Qc2 Be6 12. a3 Be7 13. b4 a6 14. Be1 g5
15. Nd2 g4 16. Nc4 Nd7 17. Bd2 Qe8 18. b5 axb5 19. Nxb5 Rc8 20. Bc3 Bf6 21.
Rfd1 f4 22. exf4 exf4 23. Re1 Qf7 24. Bf1 Bd5 25. Qb2 g3 26. hxg3 fxg3 27.
fxg3 Kg8 28. Ne3 Be6 29. Rcd1 Nb6 30. Bxf6 Qxf6 31. Qxf6 Rxf6 32. d4 Ne7
33. Rc1 Ned5 34. Nxd5 Nxd5 35. Bc4 c6 36. Rxe6 cxb5 37. Bxd5 Rxc1+ 38. Re1+
1-0

[Event "Irish Championship 2017"]
[Site "Ennis IRL"]
[Date "2017.07.29"]
[Round "1.5"]
[White "Melaugh, Shane"]
[Black "Short, Philip"]
[Result "1/2-1/2"]
[BlackTitle "FM"]
[WhiteElo "1928"]
[BlackElo "2283"]
[WhiteICU "1970"]
[BlackICU "2246"]
[WhiteClub "Elm Mount"]
[WhiteNationality "IRL"]
[BlackNationality "IRL"]
[WhiteFideId "2509580"]
[BlackFideId "2500086"]
[PlyCount "84"]
[EventDate "2017.07.29"]

{ Event information: <a
href="https://www.irlchess.com/irlch2017_allfiles/pairings_irlch2017.html">Tournament
report</a>. }

1. c4 g6 2. Nc3 Bg7 3. g3 e5 4. Bg2 Ne7 5. e4 d6 6. Nge2 Nbc6 7. d3 Be6 8.
O-O O-O 9. Rb1 f5 10. b4 Qd7 11. Nd5 h6 12. f4 fxe4 13. dxe4 Bg4 14. Be3
Nd4 15. Bxd4 exd4 16. Nxe7+ Qxe7 17. h3 Bxe2 18. Qxe2 c6 19. c5 dxc5 20.
Qc4+ Qf7 21. Qxf7+ Rxf7 22. bxc5 Bf8 23. Rbc1 Rd8 24. h4 g5 25. hxg5 hxg5
26. Bh3 Kg7 27. Be6 Re7 28. f5 Kf6 29. Kf2 Ke5 30. Ke2 Rh7 31. Kd3 Rh3 32.
Rg1 g4 33. Rb1 Rb8 34. Bd7 Bxc5 35. Bxc6 Bb6 36. Rb5+ Kf6 37. e5+ Kxf5 38.
Bd7+ Kg5 39. e6+ Kf6 40. Rf1+ Ke7 41. Rf7+ Kd6 42. Ke4 $2 (42. Kc4 $18)
42... Bc5 $16 1/2-1/2

[Event "Irish Championship 2017"]
[Site "Ennis IRL"]
[Date "2017.07.29"]
[Round "1.6"]
[White "Delaney, Killian"]
[Black "Mirza, Diana"]
[Result "1/2-1/2"]
[BlackTitle "WFM"]
[WhiteElo "2247"]
[BlackElo "1918"]
[WhiteICU "2218"]
[BlackICU "1946"]
[WhiteClub "Gonzaga"]
[BlackClub "St. Michael's"]
[WhiteNationality "IRL"]
[BlackNationality "IRL"]
[WhiteFideId "2501570"]
[BlackFideId "2503999"]
[PlyCount "76"]
[EventDate "2017.07.29"]

{ Event information: <a
href="https://www.irlchess.com/irlch2017_allfiles/pairings_irlch2017.html">Tournament
report</a>. }

1. e4 c5 2. Nf3 e6 3. g3 Nc6 4. Bg2 Qc7 5. O-O Nf6 6. Re1 d6 7. c3 Be7 8.
d4 O-O 9. d5 exd5 10. exd5 Ne5 11. Nxe5 dxe5 12. Na3 a6 13. Nc4 Bd6 14. f4
Bg4 15. Qb3 e4 16. Nd2 c4 17. Nxc4 Nxd5 18. Nxd6 Qxd6 19. Rxe4 Nf6 20. Rd4
Qe7 21. Bd2 Rae8 22. h3 Bc8 23. Qc4 b5 24. Qd3 Bb7 25. Rf1 Ne4 26. Kh2 Bc6
27. Bc1 Qb7 28. Qf3 f5 29. Rdd1 Rf6 30. Rfe1 Rfe6 31. Qh5 g6 32. Qh6 $2 (
32. Qe2 $17) 32... Qe7 $2 (32... Nf6 $19) 33. b3 $2 (33. Be3 $10) 33... Nf2
$2 (33... Nf6 $1 $19) 34. Bxc6 $4 (34. Ba3 $1 $10) 34... Nxd1 $4 (34...
Rxe1 $19) 35. Bd5 $10 Qc5 36. Rxe6 Qf2+ 37. Kh1 Qf1+ 38. Kh2 Qf2+ 1/2-1/2

[Event "Irish Championship 2017"]
[Site "Ennis IRL"]
[Date "2017.07.29"]
[Round "1.7"]
[White "Melaugh, Gavin"]
[Black "Li, Henry"]
[Result "0-1"]
[WhiteElo "1907"]
[BlackElo "2247"]
[WhiteICU "1894"]
[BlackICU "2171"]
[WhiteClub "Elm Mount"]
[BlackClub "Gonzaga"]
[WhiteNationality "IRL"]
[BlackNationality "IRL"]
[WhiteFideId "2509571"]
[BlackFideId "2508524"]
[PlyCount "107"]
[EventDate "2017.07.29"]

{ Event information: <a
href="https://www.irlchess.com/irlch2017_allfiles/pairings_irlch2017.html">Tournament
report</a>. }

1. e4 e5 2. Nf3 Nc6 3. Bc4 Nf6 4. Ng5 d5 5. exd5 Na5 6. Bb5+ c6 7. dxc6
bxc6 8. Bd3 Nd5 9. Nf3 Nf4 10. O-O Bd6 11. Re1 O-O 12. Bf1 c5 13. d3 Ng6
14. Nc3 Nc6 15. Ne4 Be7 16. c3 Rb8 17. Ned2 Qd5 18. Qa4 Be6 19. d4 cxd4 20.
Bc4 Qd7 21. Bb5 Rfc8 22. cxd4 exd4 23. Bxc6 Rxc6 24. Qxd4 Rd6 25. Qe3 Rd3
26. Qe2 Bb4 27. a3 Bxd2 28. Nxd2 Rxb2 29. Bxb2 Rxd2 30. Qf3 Rxb2 31. Qa8+
Nf8 32. Red1 Qc7 33. Rd8 Qc5 34. Qf3 h6 35. h3 Kh7 36. Rd3 Ng6 37. Rc3 Qb6
38. Qe3 Qxe3 39. Rxe3 Nf4 40. Rd1 Ra2 41. Rf3 g5 42. Rd6 a5 43. Ra6 Bd5 44.
Rxf4 gxf4 45. Rxa5 Rd2 46. Ra4 f3 47. gxf3 Bxf3 48. Rf4 Bd5 49. Kh2 Kg6 50.
h4 f5 51. Kg1 Kf6 52. Rb4 Ke5 53. Rb6 Kf4 54. Rxh6 0-1

[Event "Irish Championship 2017"]
[Site "Ennis IRL"]
[Date "2017.07.30"]
[Round "2.1"]
[White "Baburin, Alexander"]
[Black "Daly, Colm"]
[Result "1/2-1/2"]
[WhiteTitle "GM"]
[BlackTitle "FM"]
[WhiteElo "2473"]
[BlackElo "2301"]
[WhiteICU "2435"]
[BlackICU "2256"]
[WhiteClub "Kilkenny"]
[BlackClub "Bray/Greystones"]
[WhiteNationality "IRL"]
[BlackNationality "IRL"]
[WhiteFideId "2500914"]
[BlackFideId "2500434"]
[PlyCount "31"]
[EventDate "2017.07.29"]

{ Event information: <a
href="https://www.irlchess.com/irlch2017_allfiles/pairings_irlch2017.html">Tournament
report</a>. }

1. d4 Nf6 2. c4 g6 3. Nf3 Bg7 4. g3 O-O 5. Bg2 d6 6. O-O Nbd7 7. Nc3 e5 8.
e4 c6 9. h3 Qb6 10. d5 Nc5 11. Ne1 cxd5 12. cxd5 Bd7 13. Rb1 Qb4 14. Nd3
Nxd3 15. Qxd3 Rac8 16. Bd2 1/2-1/2

[Event "Irish Championship 2017"]
[Site "Ennis IRL"]
[Date "2017.07.30"]
[Round "2.2"]
[White "O'Donnell, Conor"]
[Black "Lopez, Alex"]
[Result "1/2-1/2"]
[WhiteTitle "FM"]
[BlackTitle "IM"]
[WhiteElo "2389"]
[BlackElo "2431"]
[WhiteICU "2351"]
[BlackICU "2440"]
[WhiteClub "Gonzaga"]
[WhiteNationality "IRL"]
[BlackNationality "IRL"]
[WhiteFideId "2504243"]
[BlackFideId "2501430"]
[PlyCount "86"]
[EventDate "2017.07.29"]

{ Event information: <a
href="https://www.irlchess.com/irlch2017_allfiles/pairings_irlch2017.html">Tournament
report</a>. }

1. d4 d5 2. c4 c6 3. cxd5 cxd5 4. Bf4 e6 5. e3 Bd6 6. Bxd6 Qxd6 7. Nc3 Nc6
8. Bd3 Nf6 9. f4 O-O 10. Nf3 Bd7 11. O-O Ne8 12. Ne5 g6 13. a3 f6 14. Nxc6
Bxc6 15. b4 a6 16. Qg4 Ng7 17. Rac1 Bd7 18. Qe2 a5 19. Qb2 axb4 20. axb4
Nf5 21. Bxf5 gxf5 22. Ra1 Rac8 23. Rfc1 Rc4 24. b5 Rfc8 25. Na4 b6 26. Rxc4
dxc4 27. Nc3 e5 28. Qa3 Qe6 29. d5 Qe8 30. Qd6 exf4 31. Qxf4 Bxb5 32. Nxb5
Qxb5 33. Qxf5 Qe8 34. e4 Rc7 35. d6 $5 (35. Qxf6 $18) 35... Rf7 36. Qd5 $2
(36. Qg4+ $1 Kh8 37. e5 $1 $18) 36... Qe5 37. Ra8+ Kg7 38. Qxc4 Qxd6 39.
Ra1 b5 40. Qd5 Qxd5 41. exd5 Rd7 42. Rd1 Kg6 43. d6 b4 1/2-1/2

[Event "Irish Championship 2017"]
[Site "Ennis IRL"]
[Date "2017.07.30"]
[Round "2.4"]
[White "Short, Philip"]
[Black "Delaney, Killian"]
[Result "1/2-1/2"]
[WhiteTitle "FM"]
[WhiteElo "2283"]
[BlackElo "2247"]
[WhiteICU "2246"]
[BlackICU "2218"]
[BlackClub "Gonzaga"]
[WhiteNationality "IRL"]
[BlackNationality "IRL"]
[WhiteFideId "2500086"]
[BlackFideId "2501570"]
[PlyCount "48"]
[EventDate "2017.07.29"]

{ Event information: <a
href="https://www.irlchess.com/irlch2017_allfiles/pairings_irlch2017.html">Tournament
report</a>. }

1. d4 Nf6 2. c4 g6 3. Nf3 Bg7 4. g3 O-O 5. Bg2 c5 6. O-O cxd4 7. Nxd4 Nc6
8. Nc3 d6 9. Nc2 Be6 10. b3 Qd7 11. Bb2 Bh3 12. Rb1 Bxg2 13. Kxg2 e6 14. e4
Rfd8 15. Ne3 a6 16. Qe2 b5 17. cxb5 Nd4 18. Qd3 Nxb5 19. a4 Nxc3 20. Bxc3
Qb7 21. f3 d5 22. Bxf6 Bxf6 23. exd5 exd5 24. Rfd1 d4 1/2-1/2

[Event "Irish Championship 2017"]
[Site "Ennis IRL"]
[Date "2017.07.30"]
[Round "2.5"]
[White "Scott, Luke"]
[Black "Melaugh, Shane"]
[Result "1-0"]
[WhiteElo "1748"]
[BlackElo "1928"]
[WhiteICU "1769"]
[BlackICU "1970"]
[WhiteClub "Blanchardstown"]
[BlackClub "Elm Mount"]
[WhiteNationality "IRL"]
[BlackNationality "IRL"]
[WhiteFideId "2507986"]
[BlackFideId "2509580"]
[PlyCount "63"]
[EventDate "2017.07.29"]

{ Event information: <a
href="https://www.irlchess.com/irlch2017_allfiles/pairings_irlch2017.html">Tournament
report</a>. }

1. d4 f5 2. Bg5 h6 3. Bh4 g5 4. e3 Nf6 5. Bg3 e6 6. h4 g4 7. h5 Bg7 8. Nc3
d6 9. Nge2 O-O 10. Nf4 Re8 11. Qd2 c6 12. a4 Nbd7 13. Bc4 d5 14. Be2 e5 15.
Ng6 exd4 16. exd4 Nf8 17. Nf4 Ne6 18. O-O-O Qa5 19. Nxe6 Bxe6 20. f3 b5 21.
axb5 cxb5 22. Kb1 b4 23. Na2 Bf7 24. Be5 Nxh5 25. Bxg7 Nxg7 26. Qxh6 Bg6
27. Qxg6 Rxe2 28. Rh7 Qc7 29. Nxb4 a5 30. Rdh1 Re1+ 31. Rxe1 Qf7 32. Rh8+
1-0

[Event "Irish Championship 2017"]
[Site "Ennis IRL"]
[Date "2017.07.30"]
[Round "2.6"]
[White "Mirza, Diana"]
[Black "Quinn, Rory"]
[Result "0-1"]
[WhiteTitle "WFM"]
[WhiteElo "1918"]
[BlackElo "2140"]
[WhiteICU "1946"]
[BlackICU "2099"]
[WhiteClub "St. Michael's"]
[BlackClub "Ennis"]
[WhiteNationality "IRL"]
[BlackNationality "IRL"]
[WhiteFideId "2503999"]
[BlackFideId "2501643"]
[PlyCount "96"]
[EventDate "2017.07.29"]

{ Event information: <a
href="https://www.irlchess.com/irlch2017_allfiles/pairings_irlch2017.html">Tournament
report</a>. }

1. e4 e5 2. Nf3 Nc6 3. Bc4 Nf6 4. d3 h6 5. O-O d6 6. c3 g6 7. a4 Bg7 8. Re1
O-O 9. b4 Nh5 10. Qb3 Qf6 11. Be3 g5 12. Qd1 g4 13. Nfd2 Nf4 14. Nb3 Ne7
15. d4 Neg6 16. Bf1 h5 17. d5 h4 18. c4 Qe7 19. Nc3 f5 20. Rc1 Nxg2 $6 (
20... fxe4 $10) 21. Bxg2 f4 22. Bd2 f3 23. Bf1 g3 24. Re3 $2 (24. Be3 $15)
24... Bg4 $17 25. Qe1 Bh6 26. Nd1 g2 27. Bxg2 fxg2 28. Rec3 Bxd2 29. Nxd2
Nf4 30. f3 Bh5 31. Nf2 a5 32. b5 b6 33. Rb1 Rf7 34. Rbb3 Raf8 35. Qd1 Rg7
36. Qe1 Qg5 37. Ra3 Be8 38. Rab3 Bd7 39. Ra3 Kh8 40. Rab3 Rfg8 41. Ra3 Qh6
42. Rc1 Rg3 43. Qe3 Rh3 44. Qe1 Qg5 45. Nd3 Rxh2 46. Kxh2 Ne2 47. Rca1
g1=Q+ 48. Qxg1 Nxg1 0-1

[Event "Irish Championship 2017"]
[Site "Ennis IRL"]
[Date "2017.07.30"]
[Round "2.7"]
[White "Fox, Anthony"]
[Black "Melaugh, Gavin"]
[Result "1/2-1/2"]
[WhiteElo "2016"]
[BlackElo "1907"]
[WhiteICU "1991"]
[BlackICU "1894"]
[WhiteClub "Dun Laoghaire"]
[BlackClub "Elm Mount"]
[WhiteNationality "IRL"]
[BlackNationality "IRL"]
[WhiteFideId "2500736"]
[BlackFideId "2509571"]
[PlyCount "66"]
[EventDate "2017.07.29"]

{ Event information: <a
href="https://www.irlchess.com/irlch2017_allfiles/pairings_irlch2017.html">Tournament
report</a>. }

1. e4 c5 2. Nc3 a6 3. a4 Nc6 4. g3 e6 5. Bg2 Nf6 6. f4 d5 7. d3 Be7 8. Bd2
h5 9. h3 b6 10. Nf3 Bb7 11. O-O Qc7 12. e5 Nd7 13. h4 f6 14. exf6 gxf6 15.
Qe2 Qd6 16. Rae1 Nb4 17. Qxe6 Qxe6 18. Rxe6 d4 19. Rfe1 Rh7 20. Ng5 fxg5
21. Bxb7 dxc3 22. bxc3 Ra7 23. Be4 Rg7 24. cxb4 gxh4 25. Rg6 Rxg6 26. Bxg6+
Kf8 27. Bxh5 Nf6 28. Bf3 hxg3 29. Kg2 cxb4 30. Re2 Rd7 31. Be1 b3 32. cxb3
Rxd3 33. Bxg3 Rxb3 1/2-1/2

[Event "Irish Championship 2017"]
[Site "Ennis IRL"]
[Date "2017.07.30"]
[Round "2.8"]
[White "Tirziman, Rudolf"]
[Black "MacElligott, Gerard"]
[Result "0-1"]
[BlackTitle "CM"]
[WhiteElo "1955"]
[BlackElo "2015"]
[WhiteICU "1934"]
[BlackICU "1952"]
[WhiteClub "Blanchardstown"]
[BlackClub "Elm Mount"]
[WhiteNationality "IRL"]
[BlackNationality "IRL"]
[WhiteFideId "2508664"]
[BlackFideId "2500647"]
[PlyCount "140"]
[EventDate "2017.07.29"]

{ Annotator: Alexander Baburin, <em>Chess Today</em>, CT-216 (6114), 4
August 2017. } { Event information: <a
href="https://www.irlchess.com/irlch2017_allfiles/pairings_irlch2017.html">Tournament
report</a>. }

1. e4 c6 2. d4 d5 3. Nc3 dxe4 4. Nxe4 Bf5 5. Ng3 Bg6 6. h4 h6 7. Nf3 Nd7 8.
h5 Bh7 9. Bd3 Bxd3 10. Qxd3 Ngf6 11. Bd2 e6 12. O-O-O Qc7 13. Kb1 Bd6 14.
Ne2 O-O-O 15. c4 c5 16. Qc2 Rhe8 17. Nc3 a6 18. b3 cxd4 19. Nxd4 Bf4 20.
Ndb5 axb5 21. Nxb5 Qe5 22. Bxf4 Qxf4 23. Nd6+ Kc7 24. Nxe8+ Rxe8 25. Rh3
Qe4 26. f3 Qxc2+ 27. Kxc2 Ra8 28. a4 Ra5 29. g4 Rg5 30. b4 e5 31. Rf1 e4
32. fxe4 Rxg4 33. Re3 Ne5 34. c5 Nxe4 35. Rd1 f5 36. Rd5 Rg2+ 37. Kd1 Nf2+
38. Ke1 Nfd3+ 39. Rdxd3 Nxd3+ 40. Rxd3 Rg4 41. Rd5 Rxb4 42. Rxf5 Kc6 43.
Rf7 Rh4 44. Rxg7 Rxh5 45. Kd2 Rg5 46. Rh7 h5 47. Kd3 Rxc5 48. Rh6+ Kc7 49.
Kd4 Ra5 50. Kc3 Kb8 51. Kb4 Rg5 52. a5 Ka7 53. Ka4 Rg4+ 54. Kb3 h4 55. Kb2
Rg2+ 56. Kb1 Rh2 57. Ka1 h3 58. Kb1 Kb8 59. a6 Rh1+ 60. Kb2 bxa6 61. Rxa6
Kc7 62. Rh6 Kd7 63. Kc2 Ke7 64. Kb2 Kf7 65. Kc2 $2 (65. Ra6 $1 { is the
only move that draws, per tablebases }) 65... Kg7 66. Rh4 Kg6 67. Rh8 Kg5
68. Kb2 Kf4 69. Rg8 Kf3 70. Rg7 Rd1 0-1

[Event "Irish Championship 2017"]
[Site "Ennis IRL"]
[Date "2017.07.31"]
[Round "3.1"]
[White "Li, Henry"]
[Black "Baburin, Alexander"]
[Result "0-1"]
[BlackTitle "GM"]
[WhiteElo "2247"]
[BlackElo "2473"]
[WhiteICU "2171"]
[BlackICU "2435"]
[WhiteClub "Gonzaga"]
[BlackClub "Kilkenny"]
[WhiteNationality "IRL"]
[BlackNationality "IRL"]
[WhiteFideId "2508524"]
[BlackFideId "2500914"]
[PlyCount "100"]
[EventDate "2017.07.29"]

{ Reference: <em>Chess Today</em> CT-214 (6112), 2 August 2017. } { Event
information: <a
href="https://www.irlchess.com/irlch2017_allfiles/pairings_irlch2017.html">Tournament
report</a>. }

1. e4 Nf6 2. e5 Nd5 3. d4 d6 4. c4 Nb6 5. exd6 exd6 6. Nc3 Be7 7. Bd3 Nc6
8. Nge2 Bg4 9. f3 Bh5 10. O-O Bg6 11. Bxg6 hxg6 12. b3 d5 13. c5 Nc8 14.
Be3 Bf6 15. Qd2 b6 16. Rfe1 N8e7 17. Bg5 Kf8 18. g4 Bxg5 19. Qxg5 f6 20.
Qd2 g5 21. cxb6 cxb6 22. Ng3 Qd6 23. Qe3 Qf4 24. Rad1 Qxe3+ 25. Rxe3 Rd8
26. Re6 Rd7 27. Nb5 a6 28. Nc3 Kf7 29. Re3 b5 30. Nce2 Rc8 31. Kf2 Nb4 32.
a4 bxa4 33. bxa4 Rc4 34. Rc1 Rdc7 35. Rxc4 dxc4 36. Nc3 Ned5 37. Nxd5 Nxd5
38. Re1 c3 39. Ke2 c2 40. Kd2 Nb4 41. Ne2 Rc4 42. a5 Nc6 43. Ra1 Ke7 44.
Nc3 Nxd4 45. Kd3 Rxc3+ 46. Kxc3 c1=Q+ 47. Rxc1 Ne2+ 48. Kd2 Nxc1 49. Kxc1
Kd6 50. Kd2 Kc5 0-1

[Event "Irish Championship 2017"]
[Site "Ennis IRL"]
[Date "2017.07.31"]
[Round "3.2"]
[White "Lopez, Alex"]
[Black "Scott, Luke"]
[Result "1-0"]
[WhiteTitle "IM"]
[WhiteElo "2431"]
[BlackElo "1748"]
[WhiteICU "2440"]
[BlackICU "1769"]
[BlackClub "Blanchardstown"]
[WhiteNationality "IRL"]
[BlackNationality "IRL"]
[WhiteFideId "2501430"]
[BlackFideId "2507986"]
[PlyCount "97"]
[EventDate "2017.07.29"]

{ Event information: <a
href="https://www.irlchess.com/irlch2017_allfiles/pairings_irlch2017.html">Tournament
report</a>. }

1. Nf3 Nf6 2. c4 c5 3. g3 d5 4. cxd5 Nxd5 5. Bg2 Nc6 6. O-O e5 7. Nc3 Nc7
8. a3 Rb8 9. Rb1 Bf5 10. d3 f6 11. Nh4 Bd7 12. e3 g6 13. f4 Be7 14. f5 Kf7
15. g4 g5 16. Nf3 Be8 17. Ne4 h6 18. Qc2 b6 19. Bd2 Rc8 20. h4 Nd5 21. Kf2
Kg7 22. Rh1 Bf7 23. hxg5 hxg5 24. Rxh8 Kxh8 25. Bf1 Qd7 26. Be2 Kg7 27. Rh1
Rh8 28. Rxh8 Kxh8 29. Qb1 Kg7 30. Bd1 Nc7 31. Bc2 Qd8 32. Qh1 Qh8 33. Qg2
Qd8 34. Qf1 Qb8 35. Kg1 Qd8 36. Bc1 Kh6 37. Nfxg5 fxg5 38. f6 Bxf6 39. Nxf6
Kg7 40. Ne4 Bg6 41. Ng3 Ne7 42. Qe2 Ne6 43. b3 Qd6 44. Bb2 Kg8 45. Qf3 b5
46. Qf6 e4 47. Be5 exd3 48. Bxd6 dxc2 49. Ne2 1-0

[Event "Irish Championship 2017"]
[Site "Ennis IRL"]
[Date "2017.07.31"]
[Round "3.3"]
[White "Daly, Colm"]
[Black "O'Donnell, Conor"]
[Result "1/2-1/2"]
[WhiteTitle "FM"]
[BlackTitle "FM"]
[WhiteElo "2301"]
[BlackElo "2389"]
[WhiteICU "2256"]
[BlackICU "2351"]
[WhiteClub "Bray/Greystones"]
[BlackClub "Gonzaga"]
[WhiteNationality "IRL"]
[BlackNationality "IRL"]
[WhiteFideId "2500434"]
[BlackFideId "2504243"]
[PlyCount "43"]
[EventDate "2017.07.29"]

{ Event information: <a
href="https://www.irlchess.com/irlch2017_allfiles/pairings_irlch2017.html">Tournament
report</a>. }

1. Nf3 d5 2. e3 Nf6 3. b4 Bg4 4. Bb2 Nbd7 5. c4 e5 6. Qb3 e4 7. Ne5 Nxe5 8.
Bxe5 Bd6 9. Bd4 dxc4 10. Bxc4 Qe7 11. Nc3 O-O 12. Rc1 Be5 13. Bc5 Bd6 14.
Bd4 Be5 15. Bc5 Bd6 16. Bd4 Be5 17. Bc5 Bd6 18. Bd4 Be5 19. Bc5 Bd6 20. Bd4
Be5 21. Bc5 Bd6 22. Bd4 1/2-1/2